[Event "Asian Continental op 09th"]
[Site "Olongapo City"]
[Date "2010.04.29"]
[Round "9"]
[White "Ginting, Nasib"]
[Black "Macala, Macacana"]
[Result "1-0"]
[WhiteElo "2397"]
[BlackElo "2283"]
[PlyCount "39"]
[EventDate "2010.04.21"]
[EventType "swiss"]
[EventRounds "9"]
[EventCountry "PHI"]
[SourceTitle "CBM 136 Extra"]
[Source "ChessBase"]
[SourceDate "2010.07.02"]
[SourceVersion "2"]
[SourceVersionDate "2010.07.15"]
[SourceQuality "1"]

1. d4 Nf6 2. c4 c6 3. Nf3 d5 4. Qc2 g6 5. Bf4 Nh5 6. Be5 f6 7. Bxb8 Rxb8 8. cxd5 Qxd5 9. Nc3 Qa5 10. e3 Ng7 11. Bc4 Be6 12. Bxe6 Nxe6 13. 0-0 Bg7 14. Rfd1 Nc7 15. Na4 Na6 16. a3 0-0 17. b4 Qd8 18. d5 e6 19. Qb3 Nc7 20. h3 1-0

[Event "Asian Continental op 09th"]
[Site "Olongapo City"]
[Date "2010.04.27"]
[Round "7"]
[White "Wen, Yang"]
[Black "Macala, Macacana"]
[Result "1-0"]
[WhiteElo "2520"]
[BlackElo "2283"]
[PlyCount "89"]
[EventDate "2010.04.21"]
[EventType "swiss"]
[EventRounds "9"]
[EventCountry "PHI"]
[SourceTitle "CBM 136 Extra"]
[Source "ChessBase"]
[SourceDate "2010.07.02"]
[SourceVersion "2"]
[SourceVersionDate "2010.07.15"]
[SourceQuality "1"]

1. e4 d6 2. d4 c6 3. g3 Nf6 4. Bg2 Nbd7 5. Ne2 e5 6. 0-0 Be7 7. a4 0-0 8. Nbc3 a5 9. h3 Re8 10. g4 Nf8 11. Ng3 Ng6 12. Nf5 Be6 13. g5 Nd7 14. dxe5 dxe5 15. Qg4 Qc7 16. Ne2 Bc4 17. Re1 Bxe2 18. Rxe2 Ndf8 19. Be3 Rad8 20. Ree1 Ne6 21. Bf1 Ngf4 22. h4 Bf8 23. Bc4 g6 24. Nh6+ Bxh6 25. gxh6 Qe7 26. c3 Rd6 27. Red1 Red8 28. Rxd6 Rxd6 29. Kf1 Qf8 30. Rd1 Qd8 31. Rxd6 Qxd6 32. Bxf4 exf4 33. Bxe6 fxe6 34. Ke2 Kf7 35. h5 e5 36. hxg6+ Qxg6 37. Qd7+ Kf8 38. Qc8+ Ke7 39. Qxb7+ Kd6 40. Qb8+ Ke6 41. Qc8+ Kd6 42. Qf8+ Ke6 43. Qf5+ Qxf5 44. exf5+ Kxf5 45. b4 1-0

[Event "Asian Continental op 09th"]
[Site "Olongapo City"]
[Date "2010.04.24"]
[Round "4"]
[White "Macala, Macacana"]
[Black "Tu, Hoang Thong"]
[Result "1-0"]
[WhiteElo "2283"]
[BlackElo "2483"]
[PlyCount "129"]
[EventDate "2010.04.21"]
[EventType "swiss"]
[EventRounds "9"]
[EventCountry "PHI"]
[SourceTitle "CBM 136 Extra"]
[Source "ChessBase"]
[SourceDate "2010.07.02"]
[SourceVersion "2"]
[SourceVersionDate "2010.07.15"]
[SourceQuality "1"]

1. d4 c5 2. e3 Nf6 3. Nf3 g6 4. c4 Bg7 5. Nc3 0-0 6. Be2 d5 7. 0-0 dxc4 8. Bxc4 Nbd7 9. b3 a6 10. a4 cxd4 11. Nxd4 e5 12. Nf3 e4 13. Nd4 Qa5 14. Qc2 Re8 15. Bd2 Qh5 16. Nce2 Ne5 17. f3 Nxc4 18. Qxc4 exf3 19. Rxf3 Bg4 20. Ng3 Qe5 21. Rf2 Rac8 22. Qd3 h5 23. Re1 h4 24. Nf1 h3 25. Ng3 hxg2 26. Bc3 Nd5 27. Bb2 Nb4 28. Qd2 Nc2 29. Rb1 Red8 30. Rf4 Nxe3 31. Re4 Nf1 32. Qxg2 Qc5 33. Kxf1 Bxd4 34. Rxg4 Bxb2 35. Qxb2 Qe3 36. Re4 Qf3+ 37. Kg1 Rc3 38. Rbe1 f5 39. Re6 Kh7 40. b4 Rdd3 41. Qe2 Qf4 42. Nf1 Qxb4 43. Qg2 Qg4 44. Qxg4 fxg4 45. Re7+ Kh6 46. Rxb7 Rd4 47. Rb6 Rxa4 48. Ree6 a5 49. Rxg6+ Kh7 50. Rge6 Rc7 51. Kg2 Rf7 52. Ne3 Ra2+ 53. Kg3 a4 54. Nxg4 a3 55. Ra6 Ra1 56. Kh4 a2 57. Re2 Rg1 58. Rexa2 Rf4 59. Rh6+ Kg7 60. Ra7+ Kg8 61. h3 Rgf1 62. Rc6 Rf8 63. Rcc7 Rd8 64. Rh7 Rd6 65. Nh6+ 1-0